A temesvári és a bukaresti diákság tiltakozó megmozdulásai

Elmentve itt :
Bibliográfiai részletek
Szerző: POP Adrian
Adatforrás:Meister
Forrásdokumentuma:Korunk. -
10 sz., 1996, 46-47 p.
Nyelv:magyar
Kulcsszavak:politikatörténet
Románia, 1956
Temesvár
Bukarest
LEADER 00433nab a2200157 i 4500
001 bibPRO00000439
008 060524s1996 xx hun
040 |a Sz1 
041 |a hun 
100 1 |a POP Adrian 
245 1 2 |a A temesvári és a bukaresti diákság tiltakozó megmozdulásai  |c POP Adrian 
695 |a politikatörténet 
695 |a Románia, 1956 
695 |a Temesvár 
695 |a Bukarest 
773 0 |t Korunk. -  |g 10 sz., 1996, 46-47 p.